000 06071nam a22005657a 4500
008 090122t xxu||||| |||| 00| 0 eng d
010 _aB-358844
020 _a9788184510287
_c75.00
035 _aB-358844
035 _aB-332236-285
037 _bBlueberry Books
040 _adpl
_bEnglish
082 _a551.46076
245 _aHow do fish breathe under water?:
_bcompiled by Ruchi Batra; illustrated by Kiran and Mohan
_cand other questions about the oceans /
260 _aNew Delhi
_bDreamland Publications
_c2008
270 _aJ-128, Kriti Nagar,
_bNew Delhi
_e110015
300 _a31p.:
_bcol. ill.
_c26cm(pbk)
490 _aI want to know about-2
500 _aIncludes index
700 _aBatra, Ruchi
700 _aKiran
700 _aMohan
942 _2ddc
_cCH
_mHOW
_h551.46076
999 _c22219
_d22219